<?xml version="1.0" encoding="UTF-8"?><?xml-stylesheet type="text/xsl" href="static/style.xsl"?><OAI-PMH xmlns="http://www.openarchives.org/OAI/2.0/" xmlns:xsi="http://www.w3.org/2001/XMLSchema-instance" xsi:schemaLocation="http://www.openarchives.org/OAI/2.0/ http://www.openarchives.org/OAI/2.0/OAI-PMH.xsd"><responseDate>2026-04-14T09:26:47Z</responseDate><request verb="GetRecord" identifier="oai:www.recercat.cat:10256/23054" metadataPrefix="marc">https://recercat.cat/oai/request</request><GetRecord><record><header><identifier>oai:recercat.cat:10256/23054</identifier><datestamp>2024-06-14T09:49:23Z</datestamp><setSpec>com_2072_452955</setSpec><setSpec>com_2072_2054</setSpec><setSpec>col_2072_453065</setSpec></header><metadata><record xmlns="http://www.loc.gov/MARC21/slim" xmlns:dcterms="http://purl.org/dc/terms/" xmlns:xsi="http://www.w3.org/2001/XMLSchema-instance" xmlns:doc="http://www.lyncode.com/xoai" xsi:schemaLocation="http://www.loc.gov/MARC21/slim http://www.loc.gov/standards/marcxml/schema/MARC21slim.xsd">
   <leader>00925njm 22002777a 4500</leader>
   <datafield ind2=" " ind1=" " tag="042">
      <subfield code="a">dc</subfield>
   </datafield>
   <datafield ind2=" " ind1=" " tag="720">
      <subfield code="a">Ponsatí-Murlà, Oriol</subfield>
      <subfield code="e">author</subfield>
   </datafield>
   <datafield ind2=" " ind1=" " tag="260">
      <subfield code="c">info:eu-repo/date/embargoEnd/2023-12-31</subfield>
   </datafield>
   <datafield ind2=" " ind1=" " tag="260">
      <subfield code="c">2022-12-31</subfield>
   </datafield>
   <datafield ind2=" " ind1=" " tag="520">
      <subfield code="a">This article presents a singular typescrit by the Catalan writer Aurora Bertrana (1892-1974) entitled 'Le 19 juillet: quelques tableaux de la guerre d’Espagne'. Singular because it is her first known text written in French before her articles in exile in Suisse contemporaine and La Semaine Littéraire (1942-1945) and her french version of 'Paradisos oceànics: Fenua Tahiti' (1943), but above all, because the author deploys the resources of travel literature, which she masters to perfection, to carry out a particular comparative exercise which aims to give a nuanced vision of the complexity represented by the outbreak of the social revolution in Barcelona during the first months of the civil war</subfield>
   </datafield>
   <datafield ind2=" " ind1=" " tag="520">
      <subfield code="a">Cet article présente un singulier tapuscrit inédit de l'écrivaine catalane Aurora Bertrana (1892-1974) intitulé 'Le 19 juillet: quelques tableaux de la guerre d'Espagne'. Singulier parce que c'est son premier texte connu rédigé en français avant ses premiers articles en exil dans Suisse contemporaine et La Semaine Littéraire (1942-1945) et sa version française de 'Paradisos oceànics: Fenua Tahiti' (1943) mais avant tout parce que l'autrice déploie les ressources de la littérature de voyage, qu'elle maîtrise à la perfection, pour mener un exercice particulier de comparatisme qui vise à donner une vision nuancée de la complexité que représente l'éclatement de la révolution sociale à Barcelone pendant les premiers mois de la guerre civile</subfield>
   </datafield>
   <datafield ind1="8" ind2=" " tag="024">
      <subfield code="a">http://hdl.handle.net/10256/23054</subfield>
   </datafield>
   <datafield tag="653" ind2=" " ind1=" ">
      <subfield code="a">Bertrana, Aurora, 1892-1974</subfield>
   </datafield>
   <datafield tag="653" ind2=" " ind1=" ">
      <subfield code="a">Espanya -- Història -- 1936-1939, Guerra Civil</subfield>
   </datafield>
   <datafield tag="653" ind2=" " ind1=" ">
      <subfield code="a">Spain -- History -- Civil War, 1936-1939</subfield>
   </datafield>
   <datafield tag="653" ind2=" " ind1=" ">
      <subfield code="a">Llibres de viatges</subfield>
   </datafield>
   <datafield tag="653" ind2=" " ind1=" ">
      <subfield code="a">Traveler's writings</subfield>
   </datafield>
   <datafield ind2="0" ind1="0" tag="245">
      <subfield code="a">Aurora Bertrana et 'Le 19 juillet: quelques tableaux de la guerre d'Espagne': La découverte de l'exotisme dans la Barcelone révolutionnaire</subfield>
   </datafield>
</record></metadata></record></GetRecord></OAI-PMH>